Sports Quiz

Random Sports or Celebrity Quiz

Sports Siblings Quiz Stats

 Plays Quiz Updated Sep 14, 2018

Score 0/46 Timer 06:00
0 Plays Today
Sport Last Name % Correct
Am. FootballManning
97.7%
TennisWilliams
95.9%
Am. FootballBarber
90.8%
Am. FootballSharpe
78%
Am. FootballBailey
75.8%
BaseballRipken
70.6%
BaseballMartinez
70.6%
Am. FootballJones
69.1%
BasketballGasol
69%
BaseballMolina
68.5%
BaseballGiambi
66.1%
BaseballBoone
64.3%
BaseballAlomar
62.8%
BaseballHernandez
61.9%
BasketballMiller
58.8%
TennisMcEnroe
57.2%
BasketballWilkins
56.4%
NASCARWallace
51.9%
BasketballLopez
50.4%
BasketballGrant
49.6%
BaseballAaron
49.4%
BasketballBarry
49.1%
BaseballDiMaggio
46%
Sport Last Name % Correct
BaseballAlou
42.8%
NASCARLabonte
39.6%
BaseballDean
38.1%
TennisSafin
32.7%
BaseballBrett
32.6%
BaseballNiekro
29.3%
HockeyStaal
27.2%
GymnasticsHamm
26.5%
HockeySedin
24.8%
BoxingSpinks
23.5%
HockeyEsposito
22.9%
HockeyRichard
22.6%
BaseballCanseco
21.4%
HockeySutter
21.3%
Formula OneSchumacher
19.4%
BoxingKlitschko
18.6%
HockeyNiedermayer
17.3%
TennisBryan
17.2%
Figure SkatingHughes
15%
SoccerNeville
10.2%
BaseballWaner
8.7%
SoccerCharlton
6.4%
SoccerLaudrup
2.8%

You're not logged in!

Compare scores with friends on all Sporcle quizzes.
OR
Log In

Sporcle TV

Today on Sporcle TV


Watch our educational content, quiz creation guides, and fun videos on Sporcle TV.

Show Comments

Extras

Top Quizzes Today


Score Distribution

Your Account Isn't Verified!

In order to create a playlist on Sporcle, you need to verify the email address you used during registration. Go to your Sporcle Settings to finish the process.

Report this User

Report this user for behavior that violates our Community Guidelines.

Details: